000 00948nam a2200313 i 4500
001 000027177
003 DO-SdBNP
005 20250731110054.0
007 ta
008 110330s1990 dr 000 0 spa d
020 _a8432206237
040 _aDO-SdBNP
_bspa
_cBNPHU
_erda
041 _aspa
082 4 _aRD863.64
_bV393g 1990
_222
100 1 _aVázquez Montalbán, Manuel,
_d1937-2003
_eautor
_954242
_4aut.
245 1 0 _aGalíndez /
_cManuel Vázquez Montalbán.
264 _aSanto Domingo :
_bEditora Taller,
_c1990.
300 _a346 páginas ;
_c22 cm.
336 _atexto
_btxt
_2rdacontent
337 _asin mediación
_bn
_2rdamedia
338 _avolumen
_bnc
_2rdacarrier
490 _aColección Taller ;
_v282
590 _aInventariado, 2020/VM
650 4 _aNovela española
_96177
650 4 _aLiteratura española
_93326
650 1 0 _aDemografía
_945443
910 _aValidado. Control de calidad EMS
942 _2ddc
_cLBS1
999 _c26669
_d26669